000 00329nam a22001337a 4500
008 181011b xxu||||| |||| 00| 0 eng d
020 _a0721672418
041 _aeng
080 _a591
100 _a7
101 _aZOO
245 _aAn Atlas of Surgical Approaches to the Bones of the Dog and Cat
_cPiermattei
942 _2udc
_cBK
999 _c49448
_d49448